000 00910nam a2200289Ia 4500
001 Z_3459
003 CHAP
008 220113s2000 xx 000 0 und d
010 _a166572
040 _cCHAP
090 _aTesis C 1494
100 _aCante Chi, Marco Antonio
_9140640
245 _aConducta de corderos en engorda intensiva con diferente tamaño de partícula de paja de trigo /
_cpor Marco Antonio Cante Chi y Elpidio Salinas Ruíz
260 _aChapingo, Méx. :
_bEl autor,
_c2000
300 _a68 p. ; tablas
502 _aTesis (Ing. Agr. Esp. en Zootecnia) -- UACH. Departamento de Zootecnia
650 _aGanado lanar
_xAlimentación
_945153
650 _aGanado lanar
_xEngorda
_945175
650 _aPaja de Trigo
_984778
700 _aSalinas Ruíz, Elpidio
_9101696
901 _aTESIS C 1494
902 _aM
910 _a2000
942 _c2
942 _c2
999 _c166572
_d166572